| 000 | 00806nam a22002537a 4500 | ||
|---|---|---|---|
| 003 | UA-OsUOA | ||
| 001 | 39765 | ||
| 007 | ta | ||
| 008 | 20080518b un ||||| |||| 00| 0 ukr d | ||
| 100 | _aЛабынцев Ю. | ||
| 700 | _aЩавинская Л. | ||
| 090 |
_a017:02 _bЛ12 |
||
| 942 | _cBR | ||
| 040 |
_aUA-OsUOA _brus _cUA-OsUOA _dUA-OsUOA |
||
| 245 | _aИстория украинской книжной культуры в изданиях Библиотеки украинской литературы в Москве | ||
| 300 | _a8 с. | ||
| 955 | _a1 | ||
| 041 | _arus | ||
| 080 | _a017:02 | ||
| 260 |
_aМ. _c2007 |
||
| 246 | 3 | 1 | _aИллюстрированный каталог |
| 650 | 7 |
_a01 Бібліографія і бібліографії. Каталоги _2UDC |
|
| 999 |
_c438274 _d438274 |
||